عرض عادي
عرض مارك
- إسماعيل، نهال فؤاد
مدخل إسم شخص
001 - رقم الضبط
- حقل الضبط: 22173
003 - معرف رقم الضبط
- حقل الضبط: OSt
005 - تاريخ ووقت أخر عملية
- حقل الضبط: 20130304125638.0
008 - عناصر بيانات ثابتة الطول
- حقل تحكم ثابت الطول: 130304|||a|||||| | ||| d
040 ## - مصدر الفهرسة
- هيئة الفهرسة الأصلية: OSt
- وكالة الكتابة: OSt
100 ## - مدخل -- أسم شخص
- إسم شخص: إسماعيل، نهال فؤاد
670 ## - بيانات المصدر موجوده
- الاستشهاد بالمصدر: Work cat.: (OSt): إسماعيل، نهال فؤاد, تحليل وتصميم نظم المعلومات الرقمية /, 2012
